000 00532nam a2200169Ia 4500
003 SGT
020 _a9788185015613
082 _a5.435
_bAHO
100 _aAho, Alfred V
245 _aPrinciples of compiler design
260 _bNarosa Publishing House
_aNew Delhi
_c2002
300 _a612p.
650 _aCOMPUTER SCIENCE
653 _aINTRODUCTION TO COMPILERS,PROGRAMMING LANGUAGES,FINITE AUTOMATA AND LEXICAL ANALYSIS,BASIC PARSING TECHNIQUES,ERROR DETECTION AND RECOVERY
700 _aUllman,Jeffery D
942 _2ddc
_cBK
_08
999 _c5552
_d5552